000 01291nam a2200313 i 4500
001 768714001
003 CO-MdFUSB
005 20230322114224.0
007 ta
008 230304t1996 -us |||| |||| 00| 0 eng d
020 _a9780310205821
040 _aCO-MdFUSB
_bspa
_cCO-MdFUSB
_dCO-MdFUSBC
_erda
041 _aeng
082 _223
_a487.4
_bM928
100 _aMounce, William D.,
_eautor
245 _aA graded reader of biblical Greek
_c/ William D. Mounce
264 1 _aEstados Unidos
_bZondervan Publishing House,
_c[1996]
264 4 _c© 1996
300 _a210 Páginas
_c; 28 cm
336 _2rdacontent
_atexto
_btxt
337 _2rdamedia
_asin mediación
_bn
338 _2rdacarrier
_avolumen
_bnc
505 _a1 Juan 1:1-2; 2:28-3:10 -- Juan 15:1-27 -- Marcos 1:1-28 -- Marcos 8:27-9:8 -- Colosenses 1:1-23 -- Mateo 6:5-34 -- Romanos 3:21-26; 5:1-11; 8:1-17 -- Santiago 1:1-21 -- Filipenses 1:27-2:13 -- Mateo 13:1-23 -- 1 Pedro 1;1-21 -- 1 Timoteo 1:6-16 -- Lucas 23:26-49; 24:1-8 -- Efesios 1:1-14 -- Hechos 2:22-42 -- 2 Tesalonicenses 2:1-12 -- Hebreos 5:11-6:12 - Apocalipsis 5 -- Salmo 41 -- Didaché 1:1-6; 7:1-4; 11:1-6.
563 _aRustico
650 7 _2embne
_97154
_aLengua griega bíblica
942 _cBK
945 _aMag1104
999 _c68501
_d68501